|
|
|
|
| LEADER |
00000cac a2200000 a 4500 |
| 001 |
52698 |
| 003 |
Ucuenca |
| 005 |
20230308171031.0 |
| 008 |
000000|1962 mx |||||r|||||||||||spa|| |
| 040 |
|
|
|b spa
|
| 041 |
0 |
|
|a spa
|
| 082 |
0 |
|
|a 808.1
|
| 100 |
1 |
|
|a Fortin, Franco
|9 59391
|
| 245 |
|
3 |
|a El movimiento surrealista
|c Franco Fortini. Traductor Carlos Gerhard
|h imp
|
| 264 |
|
|
|a México
|b UTEHA
|c 1962
|
| 300 |
|
|
|a 204 páginas:
|c 17 cm
|
| 490 |
|
|
|a Manuales UTEHA
|n no. 123
|p Sección 18 Literatura
|
| 504 |
|
|
|a incl. ref.
|
| 650 |
1 |
|
|a Surrealismo
|9 549
|
| 650 |
1 |
|
|a Adorno theodor
|9 59392
|
| 650 |
1 |
|
|a Breton andre
|9 25359
|
| 650 |
1 |
|
|a Apollinaire guillaume
|9 5649
|
| 650 |
1 |
|
|a Jacob max
|9 27557
|
| 650 |
1 |
|
|a Vache jacques
|9 59393
|
| 650 |
1 |
|
|a Rigaud jacques
|9 59394
|
| 852 |
|
|
|a UC-CDJBV
|f Donación
|l 1
|m General
|p 00000000
|r 8
|t 52698
|b 0
|d CDRC
|e CDRC
|g 808.1 TERCER PISO
|z 0000-00-00
|
| 942 |
|
|
|c CR
|0 2
|
| 999 |
|
|
|c 34634
|d 34634
|